000
00229nam a22000857a 4500
008
161115b xxu||||| |||| 00| 0 eng d
100
_9
1210
_a
Futehally. L
245
_a
This earth of ours
260
_a
New delhi
_b
National bool trust
_c
2006
999
_c
3901
_d
3901